000 00893nam a2200325 a 4500
003 AR-BaBNM
005 20251128203048.0
008 082120s2002 ||||||||||||||000 | spa||
040 _cAR-BaBNM
245 0 0 _aGuía psicopedagógica 2do grado
260 _aBuenos Aires
_bCórdoba
_c1969
300 _a330 p.
_bil.
650 4 _aGUIA DEL DOCENTE
650 4 _aDIDACTICA
650 4 _aPLANES DE CLASE
650 4 _aMETODO GLOBAL
650 4 _aCENTROS DE INTERES
650 4 _aPSICOLOGIA DE LA EDUCACION
653 _aEDUCACION PRIMARIA
653 _aPSICOPEDAGOGIA
700 1 _aCallejas, Sabina E.
700 1 _aGarcía de la Mata, Helena L.
700 1 _aGarcía de la Mata, Susana L.
700 1 _aMayoral de Iriarte, Cora N.
700 1 _aMinaberrigaray, Oscar
700 1 _aPaglilla, Ofelia F.M.
700 1 _aCeci, Angélica M.
942 _cBK
998 _cCarmen
999 _c1717
_d1717